Κριτική θεώρηση της τουριστικής κίνησης 1983-1985
Αποθηκεύτηκε σε:
| Κύριος συγγραφέας: | |
|---|---|
| Συγγραφή απο Οργανισμό/Αρχή: | |
| Μορφή: | Βιβλίο |
| Γλώσσα: | Greek |
| Δημοσίευση: |
Αθήνα :
Ε.Ο.Τ.,
1986
|
| Θέματα: | |
| Ετικέτες: |
Προσθήκη ετικέτας
Δεν υπάρχουν, Καταχωρήστε ετικέτα πρώτοι!
|
MARC
| LEADER | 00000nam a2200000 i 4500 | ||
|---|---|---|---|
| 001 | 1/61436 | ||
| 008 | 960502s1986 gre d | ||
| 035 | |l 10028894 | ||
| 040 | |a GR-MY-UA |b gre |e aacr | ||
| 041 | 0 | |a gre | |
| 082 | 0 | |a 338.4791 | |
| 100 | 1 | |a Σταύρου, Σπύρος Λ. | |
| 110 | 2 | |a Ελληνικός Οργανισμός Τουρισμού. | |
| 245 | 1 | 0 | |a Κριτική θεώρηση της τουριστικής κίνησης 1983-1985 |
| 260 | |a Αθήνα : |b Ε.Ο.Τ., |c 1986 | ||
| 300 | |a 62 σ. | ||
| 500 | |a Σημ.Ανω του τίτλου:Ελληνικός Οργανισμός Τουρισμού | ||
| 650 | 0 | 0 | |a Tourism |z Greece |x Research. |
| 650 | 0 | 0 | |a Tourism |z Greece |x Tables. |
| 852 | |a INST |b CHIOS |e 19960726 |h 338.4791 ΣΤΑ |p 005200032672 |q 005200032672 |t BK |y 0 | ||
| 852 | |a INST |b CHIOS |e 19960502 |h 338.4791 ΣΤΑ |p 005200032673 |q 005200032673 |t BK |y 0 | ||
| 909 | |a Χ |b 010772 | ||
| 909 | |a Χ |b 013451 | ||